000 00813nas a2200253 4500
001 BR0803894
003 BR-BrBNA
005 20231205112343.0
007 ta
008 230509b bl.|||p| |||| 00| 00por d
040 _aBR-BrBNA
_bpor
_cBiblioteca Nacional de Agricultura
041 _a(Pt)
072 _aK10
100 1 _aViani, R.A.G.
100 1 _aRodrigues, R.R.
245 1 _aSobrevivência em viveiro de mudas de espécies nativas retiradas da regeneração natural de remanescente florestal
650 _aPRODUÇÃO FLORESTAL
650 _aMUDA
650 _aVIVEIRO
650 _aREGENERAÇÃO NATURAL
773 0 _tPesquisa Agropecuária Brasileira (Brazil)
_xISSN 0100-204X
_g(Aug 2007), v. 42(8) p. 1067-1075
_wBR0803894
909 _a202311
_bLúcia
_c55
_dLúcia Elande
942 _2AGRIS
_n0
_cANA
999 _c197592
_d197592